书目信息 |
| 题名: |
经济责任审计理论与实务
|
|
| 作者: | 刘世林 , 方伟明 编著 | |
| 分册: | ||
| 出版信息: | 北京 中国时代经济出版社 2006 |
|
| 页数: | 320页 | |
| 开本: | 24cm | |
| 丛书名: | ||
| 单 册: | ||
| 中图分类: | F239.47 | |
| 科图分类: | ||
| 主题词: | 经济责任制--审计 | |
| 电子资源: | ||
| ISBN: | 978-7-80221-076-9 | |
| 000 | 00891nam0 2200241 450 | |
| 001 | 012006084992 | |
| 005 | 20110407142929.16 | |
| 010 | @a978-7-80221-076-9@dCNY33.00 | |
| 100 | @a20100913d2006 em y0chiy0110 ea | |
| 101 | 0 | @achi |
| 102 | @aCN@b110000 | |
| 105 | @aak z 000yy | |
| 200 | 1 | @a经济责任审计理论与实务@Ajing ji ze ren shen ji li lun yu shi wu@f刘世林,方伟明编著 |
| 210 | @a北京@c中国时代经济出版社@d2006 | |
| 215 | @a320页@c图@d24cm | |
| 330 | @a本书共分三部分,第一部分为历史的机遇与实现的选择—经济责任审计现行模式分析;第二部分为客观的判断与公正的评价—经济责任审计程序与标准探索;第三部分为时代的召唤与面临的抉择—经济责任审计环境、风险与发展目标。 | |
| 606 | 0 | @a经济责任制@x审计 |
| 690 | @aF239.47@v5 | |
| 701 | 0 | @a刘世林@Aliu shi lin@4编著 |
| 701 | 0 | @a方伟明@Afang wei ming@4编著 |
| 801 | 0 | @c20110407 |
| 905 | @aBZT@dF239.47@e1 | |
| 906 | @dCNY33.00@n0@r1 | |
| 经济责任审计理论与实务/刘世林,方伟明编著.-北京:中国时代经济出版社,2006 |
| 320页:图;24cm |
| ISBN 978-7-80221-076-9:CNY33.00 |
| 本书共分三部分,第一部分为历史的机遇与实现的选择—经济责任审计现行模式分析;第二部分为客观的判断与公正的评价—经济责任审计程序与标准探索;第三部分为时代的召唤与面临的抉择—经济责任审计环境、风险与发展目标。 |
| ● |
| 相关链接 |
|
|
|
正题名:经济责任审计理论与实务
索取号:F239.47/1
 
预约/预借
| 序号 | 登录号 | 条形码 | 馆藏地/架位号 | 状态 | 备注 |
| 1 | 760868 | 2000760868 | 中心书库北库/ 北库008架B面4列2层42/ [索取号:F239.47/1] | 在馆 | |
| 2 | 760869 | 2000760869 | 中心书库北库/ 北库008架B面4列2层43/ [索取号:F239.47/1] | 在馆 | |
| 3 | 760870 | 2000760870 | 中心书库北库/ 北库008架B面4列2层44/ [索取号:F239.47/1] | 在馆 | |
| 4 | 760871 | 2000760871 | 中心书库北库/ 北库008架B面4列2层45/ [索取号:F239.47/1] | 在馆 | |
| 5 | 760872 | 2000760872 | 中心书库北库/ 北库008架B面4列2层46/ [索取号:F239.47/1] | 在馆 | |
| 6 | 760873 | 2000760873 | 中心书库北库/ 北库008架B面4列2层47/ [索取号:F239.47/1] | 在馆 | |
| 7 | 760874 | 2000760874 | 中心书库北库/ 北库008架B面4列2层48/ [索取号:F239.47/1] | 在馆 | |
| 8 | 760875 | 2000760875 | 中心书库北库/ 北库008架B面4列2层49/ [索取号:F239.47/1] | 在馆 | |
| 9 | 760876 | 2000760876 | 中心书库北库/ 北库008架B面4列2层50/ [索取号:F239.47/1] | 在馆 | |
| 10 | 760877 | 2000760877 | 中心书库北库/ 北库008架B面4列2层51/ [索取号:F239.47/1] | 在馆 |